Addison and Steele, the critical heritage / (رقم التسجيلة. 3425)

تفاصيل مارك
000 -الفاتح
حقل البيانات ثابتة الطول 01118cam a2200325 i 4500
001 - رقم الضبط
رقم الضبط 410945
003 - محدد رقم الضبط
رقم الضبط OSt
005 - وقت وتاريخ اخر تعامل مع التسجيلة
رقم الضبط 20150408113746.0
008 - عناصر البيانات ثابتة الطول - معلومات عامة
حقل البيانات ثابتة الطول 800903s1980 enk b 001 0deng
010 ## - رقم ضبط مكتبة الكونجرس
رقم ضبط مكتبة الكونجرس 80040048
015 ## - رقم الببليوجرافية الوطنية
رقم الببليوجرافية الوطنية GB***
020 ## - الرقم الدولى المعيارى للكتب
الرقم الدولى المعيارى للكتاب 0710003757
040 ## - مصدر الفهرسة
وكالة الفهرسة الأصلية DLCMU
وكالة النسخ MU
وكالة التعديل MB
-- MB
-- MB
043 ## - رمز المنطقة الجغرافية
رمز المنطقة الجغرافية e-uk---
050 00 - رقم طلب مكتبة الكونجرس
رقم التصنيف PR442
رقم المادة .A3
082 00 - رقم تصنيف ديوى العشرى
رقم التصنيف 824.509 B E A
رقم الطبعة 19
245 00 - بيان العنوان
العنوان Addison and Steele, the critical heritage /
بيان المسئوليه,etc edited by Edward A. Bloom and Lillian D. Bloom.
260 ## - PUBLICATION, DISTRIBUTION, ETC. (IMPRINT)
مكان الناشر او الموزع London ;
-- Boston :
اسم الناشر او الموزع Routledge & K. Paul,
تاريخ النشر أو التوزيع 1980.
300 ## - الوصف المادى
التعداد xii, 480 p. ;
أبعاد الوعاء 23 cm.
490 0# - بيان السلسلة
عنوان السلسلة Critical heritage series
500 ## - تبصرة عامة
تبصرة عامة Includes index.
504 ## - تبصرة ببليوجرافية
تبصرة ببليوجرافية,الخ Bibliography: p. 452-457.
600 10 - المدخل الاضافى بالموضوع-اسم شخصى
الإسم الشخصى Addison, Joseph,
التواريخ المصاحبة للاسم 1672-1719
التقسيم الفرعي العام Criticism and interpretation.
9 (RLIN) 9115
600 10 - المدخل الاضافى بالموضوع-اسم شخصى
الإسم الشخصى Steele, Richard,
العنوان والكلمات الأخرى المصاحبة للاسم Sir,
التواريخ المصاحبة للاسم 1672-1729
التقسيم الفرعي العام Criticism and interpretation.
9 (RLIN) 9116
650 #0 - المدخل الاضافى بالموضوع-مصطلح موضوعى
مصطلح موضوعي أو اسم جغرافي كعنصر مدخل English literature
التقسيم الفرعي الزمني 18th century
التقسيم الفرعي العام History and criticism.
9 (RLIN) 7547
700 1# - المدخل الاضافى - اسم شخصى
الإسم الشخصى Bloom, Edward Alan,
التواريخ المصاحبة للاسم 1914-
9 (RLIN) 9117
700 1# - المدخل الاضافى - اسم شخصى
الإسم الشخصى Bloom, Lillian D.
9 (RLIN) 8343
906 ## - عنصر بيانات محلى F, LDF (RLIN)
a 7
b cbc
c orignew
d 2
e ocip
f 19
g y-gencatlg
942 ## - عناصر المدخل الإضافي( كوها)
مصدر التصنيف او مخطط الترفيف Dewey Decimal Classification
Koha [default] item type كتاب
المقتنيات
حالة الفقد نموذج السعر الفعال حالة تلف ليس للاعارة رقم الطلب تاريخ الاكتساب الموقع الحالي الفرع الرئيسي Date last seen Total Checkouts الباركود نوع المادة فى نظام كوها مصدر التصنيف او خطة الترفيف
  2013-03-10     PR3307 .A33y 2011-05-17 مكتبة كلية التربية بالزلفى - طالبات (EZF) المكتبة المركزية بالمجمعة (CL) 2013-03-10        
  2013-03-10     824.509 B E A 2011-12-26 مكتبة كلية التربية بالزلفى - طالبات (EZF) مكتبة كلية التربية بالزلفى - طالبات (EZF) 2013-03-10   00013351 كتاب Dewey Decimal Classification